000 00655nam a22002417a 4500
003 UA-OsUOA
001 65782
007 ta
008 20091208b un ||||| |||| 00| 0 ukr d
100 _aСоболь В.
090 _a82.09(477)
_bС54
942 _cBK
040 _aUA-OsUOA
_bukr
_cUA-OsUOA
_dUA-OsUOA
245 _a12 подорожей в країну давнього письменства
300 _a156 с.
955 _a2
041 _aukr
080 _a82.09(477)
020 _a966-7804-49-6
260 _aДонецьк
_c2003
650 7 _a82 Література. Літературознавство
_2UDC
999 _c352586
_d352586